Marketing for Hospitality and Tourism (Record no. 187878)
[ view plain ]
| 000 -LEADER | |
|---|---|
| fixed length control field | 00460nam a2200181Ia 4500 |
| 008 - FIXED-LENGTH DATA ELEMENTS--GENERAL INFORMATION | |
| fixed length control field | 140306s9999 xx 000 0 und d |
| 020 ## - INTERNATIONAL STANDARD BOOK NUMBER | |
| International Standard Book Number | 9788131722244 |
| 041 ## - LANGUAGE CODE | |
| Language code of text/sound track or separate title | eng |
| 082 ## - DEWEY DECIMAL CLASSIFICATION NUMBER | |
| Classification number | 338.4791 |
| Item number | PHI/MA |
| 100 ## - MAIN ENTRY--PERSONAL NAME | |
| Personal name | James, C.Makens |
| 245 ## - TITLE STATEMENT | |
| Title | Marketing for Hospitality and Tourism |
| 260 ## - PUBLICATION, DISTRIBUTION, ETC. (IMPRINT) | |
| Place of publication, distribution, etc. | New Delhi |
| Name of publisher, distributor, etc. | Pearson Education |
| Date of publication, distribution, etc. | 2008 |
| 300 ## - PHYSICAL DESCRIPTION | |
| Extent | 956 |
| 365 ## - TRADE PRICE | |
| Price amount | Rs.640/- |
| 700 ## - ADDED ENTRY--PERSONAL NAME | |
| Personal name | John, T.Bowen |
| 700 ## - ADDED ENTRY--PERSONAL NAME | |
| Personal name | Philip, Kotler |
| 942 ## - ADDED ENTRY ELEMENTS (KOHA) | |
| Source of classification or shelving scheme | Dewey Decimal Classification |
| Koha item type | Books (General) |
| Withdrawn status | Lost status | Source of classification or shelving scheme | Damaged status | Not for loan | Home library | Current library | Date acquired | Cost, normal purchase price | Total Checkouts | Full call number | Date last seen | Price effective from | Koha item type |
|---|---|---|---|---|---|---|---|---|---|---|---|---|---|
| Dewey Decimal Classification | College of Co-operation, Banking & Management Library, Vellanikkara | College of Co-operation, Banking & Management Library, Vellanikkara | 10/07/2010 | 640.00 | 338.4791 PHI/MA | 22/03/2014 | 22/03/2014 | Books (General) |
